000 00976nam a2200301 i 4500
003 EG-GICUC
005 20260228091140.0
008 260228s1937 -uk |fr|||| 001 0 eng d
040 _aEG-GiCUC
_beng
_cEG-GiCUC
_dEG-GiCUC
_erda
041 0 _aeng
082 0 4 _221
_a341.1
_bSA . A
092 0 4 _221
099 _aLaw1 11 341.1 SA . A 1937
100 1 _aSaunders, J. .J
_eAuthor.
245 1 0 _aThe Age Of Revolution :
_bA Survey Of European History Since 1815 /
_cBy J. J. Saunders, M.a.
264 3 _aLondon :
_bHutchinson & Co,
_c1937.
300 _a200 pages,
_c24 cm
336 _2rda content
_atext
337 _2rda media
_aComputer
338 _2rda carrier
_aOnline Resource
504 _aIncludes bibliographical references and index.
504 _aBibliography: pages 189
546 _aText in English
650 1 4 _aPublic international law
856 4 0 _uhttps://fll.law.cu.edu.eg/fulltext/bks/B11-08247.pdf
905 _a48
942 _2ddc
_cBK
_e21
_n0
999 _c64340
_d64340